Truth or mare #3 / by Catherine Hapka.
Available copies
- 1 of 1 copy available at LARL/NWRL Consortium.
Current holds
0 current holds with 1 total copy.
Show Only Available Copies
| Location | Call Number / Copy Notes | Barcode | Shelving Location | Status | Due Date |
|---|---|---|---|---|---|
| Greenbush Public Library | j HAP (Text) | 35500006289092 | Main | Available | - |
Record details
- ISBN: 9781338592269
- ISBN: 1338592262
- Physical Description: 135 pages ; 20 cm.
- Edition: First edition.
- Publisher: New York, NY : Scholastic, Inc., 2019.
- Copyright: ©2018
Content descriptions
| General Note: | Includes an excerpt from The steeplechase secret. "Based on the original TV series created by Vicki Lutas and Anna McCleery." "Netflix--a Netflix original series"--Cover. |
| Summary, etc.: | "The riders of Bright Fields Stables are playing a ... Read More |
Search for related items by subject
| Subject: | Truth or dare (Game) > Juvenile fiction. Stables > Juvenile fiction. Horsemanship > Juvenile fiction. Horsemanship. Stables. Truth or dare (Game) |
| Genre: | Animal fiction. Fiction. Juvenile works. Animal fiction. |
Search for related items by series
| LDR | 02072cam a2200469Ii 4500 | ||
|---|---|---|---|
| 001 | 347772 | ||
| 003 | LARL_NWRL_CONSORTIUM | ||
| 005 | 20200612180348.0 | ||
| 008 | 191029t20192018nyu j 000 1 eng d | ||
| 040 | . | ‡aIEU ‡beng ‡erda ‡cIEU ‡dIEU ‡dOCLCF ‡dNRG | |
| 020 | . | ‡a9781338592269 ‡q(pbk.) | |
| 020 | . | ‡a1338592262 ‡q(pbk.) | |
| 035 | . | ‡a(OCoLC)1125225584 | |
| 092 | . | ‡a813.6 | |
| 049 | . | ‡aNRGA | |
| 100 | 1 | . | ‡aHapka, Cathy, ‡eauthor. ‡0(LARL_NWRL_CONSORTIUM)125887 |
| 245 | 1 | 0. | ‡aTruth or mare ‡n#3 / ‡cby Catherine Hapka. |
| 250 | . | ‡aFirst edition. | |
| 264 | 1. | ‡aNew York, NY : ‡bScholastic, Inc., ‡c2019. | |
| 264 | 4. | ‡c©2018 | |
| 300 | . | ‡a135 pages ; ‡c20 cm. | |
| 336 | . | ‡atext ‡btxt ‡2rdacontent | |
| 337 | . | ‡aunmediated ‡bn ‡2rdamedia | |
| 338 | . | ‡avolume ‡bnc ‡2rdacarrier | |
| 490 | 0 | . | ‡aFree rein ; ‡v3 |
| 500 | . | ‡aIncludes an excerpt from The steeplechase secret. | |
| 500 | . | ‡a"Based on the original TV series created by Vicki Lutas and Anna McCleery." | |
| 500 | . | ‡a"Netflix--a Netflix original series"--Cover. | |
| 520 | . | ‡a"The riders of Bright Fields Stables are playing a game of Truth or Dare - or rather, Truth or Mare, since the horses are involved, too! All of the riders' fun dares end up on Becky's vlog, which she hopes will make it big. Meanwhile, there's a ghost dog that might be running around Pin's castle - and a treasure to be found. Lots is happening ... but above all, Zoe is beginning to question, is the island where she's supposed to be?"--Cover. | |
| 650 | 0. | ‡aTruth or dare (Game) ‡vJuvenile fiction. | |
| 650 | 0. | ‡aStables ‡vJuvenile fiction. | |
| 650 | 0. | ‡aHorsemanship ‡vJuvenile fiction. | |
| 650 | 7. | ‡aHorsemanship. ‡2fast ‡0(LARL_NWRL_CONSORTIUM)22394 | |
| 650 | 7. | ‡aStables. ‡2fast ‡0(LARL_NWRL_CONSORTIUM)31815 | |
| 650 | 7. | ‡aTruth or dare (Game) ‡2fast ‡0(LARL_NWRL_CONSORTIUM)162671 | |
| 655 | 7. | ‡aAnimal fiction. ‡2fast | |
| 655 | 7. | ‡aFiction. ‡2fast | |
| 655 | 7. | ‡aJuvenile works. ‡2fast | |
| 655 | 7. | ‡aAnimal fiction. ‡2lcgft | |
| 730 | 0 | . | ‡iBased on (work): ‡aFree rein (Television program) |
| 905 | . | ‡ubacont | |
| 901 | . | ‡a347772 ‡b ‡c347772 ‡tbiblio ‡soclc | |

Add to basket
Permalink
Disable Highlighting